00361nam a2200121Ia 4500008004100000024003500041082001600076100003100092245003100123260002600154600002100180650003800201260210s9999 xx 000 0 und d a07A-007-BS & 09B-33-BS a005.072 ABI aAbid Ali & Hasan Aftab 0aAndroid Command Controller aKarachi:bUITU,c2009 aComputer Science aBachelor of Computer Science (BS)